000 00347nam a2200145 i 4500
001 bg
100 1 _aARBENEV, A. S.
245 0 _aZimnee betonirovanie s elektrorazogrevom smesi /
_cA.S. Arbenev.
260 _aMoskva,
_c1970.
040 _cBPK
041 _apol
080 _a693.54
942 _cKS
008 s pl f |000 0 pol
999 _c12892
_d12892
856 _uhttp://koha.tu.koszalin.pl/cgi-bin/koha/opac-detail.pl?biblionumber=12892
_yKatalog online BPK